MDQL
is popping MORE tags! Check the
thread
!
Quizzes
Events
Quiz Creation
Community
Videos
Private Events
Remove Ads
Sign In
Join for FREE
Feedback
Dark Mode
Quiz Categories
Sports
Geography
Music
Movies
Television
Just For Fun
Miscellaneous
History
Literature
Language
Science
Gaming
Entertainment
Religion
Holiday
For Kids
Quiz Lab
Recent
Popular Today
Quiz Kudos Today
Editor Picks
Curator Picks
Quizzes by...
Day
Popularity
Type
Ratings
Length
Year
Community
Subscriptions
Recent Discussions
Orange Saloon
Badges
Playlists
Quests
Create
Leaderboards
Showdown
Live 5
Trivia Bingo
Activity
Puzzle Library
Sporcle Events
Private Events
Virtual Trivia
Globe League
Become a Host
Pub Owners
SporcleCon
Opinionation
Our Games
Videos
Blog
Mobile Apps
Partnerships
Remove Ads and Go Orange
Feedback
Sports
Athletes
MLB
NBA
NHL
NFL
Soccer
Sports Teams
WWE
NCAA
Football
Premier League
Basketball
Baseball
Hockey
Golf
Tennis
Cricket
Rugby
Auto Racing
Olympics
World Cup
Sports
Athletes
MLB
NBA
NHL
NFL
Soccer
Sports Teams
WWE
NCAA
Football
Premier League
Basketball
Baseball
Hockey
Golf
Tennis
Cricket
Rugby
Auto Racing
Olympics
World Cup
Random Quiz
Search Sporcle
×
Quiz Lab
Quiz Lab
Sports
NCAA
Type in answers that appear in a list
Type in answers that appear in a list
Classic
Best Score? Go Orange.
Division III Men's Basketball Champions Stats
Can you name the Division III Men's Basketball Champions?
By
JimSox5
10m
40 Questions
114 Plays
114 Plays
114 Plays
Comments
Comments
Give Quiz Kudos
Give Quiz Kudos
-
- Ratings
hide this ad
Replay
Link that replays current quiz
Next Quiz
Link to next quiz in quiz playlist
You Got
0%
They Got
Avg Score
63%
Avg Friend Score
Upgrade to see
Score Distribution
Jump to the score distribution portion of the page
Score
0/40
Timer
10:00
0
Plays Today
Year
Champion
% Correct
2012
UW-Whitewater
88.4%
2003
Williams
87.7%
2013
Amherst
87.3%
2014
UW-Whitewater
86.9%
1984
UW-Whitewater
83.3%
1989
UW-Whitewater
83.3%
2007
Amherst
83.3%
2006
Virginia Wesleyan
79.8%
2004
UW-Stevens Point
78.1%
2005
UW-Stevens Point
78.1%
2010
UW-Stevens Point
78.1%
1977
Wittenberg
77.2%
2008
Washington (St. Louis)
77.2%
2009
Washington (St. Louis)
77.2%
1981
Potsdam St.
70.2%
1986
Potsdam St.
70.2%
1990
Rochester
69.3%
1992
Calvin
69.3%
2000
Calvin
69.3%
1991
UW-Platteville
66.7%
Year
Champion
% Correct
1995
UW-Platteville
66.7%
1998
UW-Platteville
66.7%
1999
UW-Platteville
66.7%
1978
North Park
65.8%
1979
North Park
65.8%
1980
North Park
65.8%
1985
North Park
65.8%
1987
North Park
65.8%
2011
St. Thomas
61.4%
1982
Wabash
58.8%
1993
Ohio Northern
57%
1976
Scranton
55.3%
1983
Scranton
55.3%
1996
Rowan
50%
1997
Illinois Wesleyan
48.2%
1988
Ohio Wesleyan
47.4%
1975
LeMoyne-Owen
44.7%
2001
Catholic
33.3%
2002
Otterbein
21.9%
1994
Lebanon Valley
13.2%
Quiz Playlist
Details
Report
Send in Message
Add To Playlist
Classic:
Type in answers that appear in a list
Quiz Source
Last Updated: Feb 16, 2017
Quiz Scoreboard
CHALLENGE
Sign Up to Join the Scoreboard
Show All
Scores
Hide
Comments
May contain spoilers
Recently Published
Image Sorting: Flags VI
by Barbecue
Geography
2m
Find the 'City' Movie
by crazypaving
Movies
60s
Colored Red Africa Blitz
by spor1
Geography
45s
More to Explore
Quiz From the Vault
Featured Blog Post
14 Easter Pick-up Lines to Find Eggs With
hide this ad
You Might Also Like...
Tags
Basketball Quiz
NCAA Quiz
champion
Today's Top Quizzes in Sports
Browse Sports
hide this ad
Today's Top Quizzes in NCAA
Browse NCAA
Top Contributed Quizzes in Sports
1
Les meilleurs buteurs des matchs entre le PSG et l’OM
2
Les entraîneurs de l'OM et du PSG au 21e siècle
3
Les joueurs passés par le PSG et l'OM
4
2022 World Cup Stars
5
Players with Multiple 50 Home Run Seasons
6
Criteria MLB: Left Handed Sluggers
7
MLB Players with Two .350 Batting Average Seasons
8
Les joueurs passés par le LOSC et le RC Lens
9
NBA Logic Puzzle 2.0
10
Top 10 NHL Goal Scorers of All Time
Explore More
Trending Topics
Crossword
Marvel
Harry Potter
Disney
Anime
NBA
Kpop
Soccer
Puzzle
WWE
NFL
Song
Country
The Office
Pokémon
hide this ad
More By:
JimSox5
Quiz
Plays
Rating
Category
Featured
Created
NBA Logos Without Red or Blue
69,874
4.49
Sports
Nov 8, 2011
Purdue Football Opponents 2000-10
764
5.00
Sports
Sep 12, 2011
Thinnest Countries (BMI)
502
3.14
Geography
Sep 30, 2011
NCAA Football Conferences of 1993
486
2.00
Sports
Oct 6, 2011
Knocked Indiana Out of NCAA Tournament
465
4.33
Sports
Jan 30, 2013
Go to Creator's Profile
Score Distribution
Quiz Creator Spotlight
JimSox5
Follow
Send a Message
Quizzes Created
-
Created Quiz Play Count
-
More By This Creator
Popular Quizzes Today
1
Colored Red Africa Blitz
2
Find the US States - No Outlines Minefield
3
Find the 'City' Movie
4
5x2 Blitz: Bands
5
The Countries of the World
6
Find the US States
7
Find the Countries of Europe - No Outlines Minefield
8
US States
More Sports Quizzes
Win the 1982 World Cup
Quiz Lab
Trending Quizzes
Colored Red Europe Blitz I
Colored Red Europe Blitz II
Colored Red Africa Blitz II
Colored Red Europe Blitz III
Colored Red Africa Blitz III
Recently Updated
How Do You Spell That?
pecheneg
Godzilla Movies
pecheneg
Grab Bag: 4-10 Letters
pecheneg
2024 March Madness Bracket
pecheneg
Famous TV Couples
Peacemaker
Champions League XIs: Real Madrid
pecheneg
Largest US Cities 1790-2010
pecheneg
Rides in Walt Disney World
pecheneg
Most Oscar Losses (Acting)
pecheneg
Beyoncé Albums
pecheneg
Trending Topics
NBA
Disney
Harry Potter
Kpop
Marvel
Crossword
Anime
The Office
Song
WWE
Country
Soccer
Puzzle
NFL
Pokémon
Your Account Isn't Verified!
In order to create a playlist on Sporcle, you need to verify the email address you used during registration. Go to your
Sporcle Settings
to finish the process.
Report this User
Report this user for behavior that violates our
Community Guidelines
.
Details:
Send Report
Go to the Sporcle.com Mobile Site →
Comments